| 000 | 00426nam a2200181Ia 4500 | ||
|---|---|---|---|
| 008 | 210210b1934 xxu||||| |||| 00| 0 eng d | ||
| 041 | _aeng | ||
| 082 | _a822/686 | ||
| 100 | _aLAMM (W S) | ||
| 245 | _aSpiritual legacy of newman | ||
| 260 |
_aLondon _bThe Bruce Publishing Company _c1934 |
||
| 650 | _aSpiritual | ||
| 650 | _aof | ||
| 650 | _anewman | ||
| 650 | _alegacy | ||
| 690 | _aEnglish Prose | ||
| 906 | _a012870 | ||
| 999 |
_c131699 _d131699 |
||